000
002230000a22000970004500
100
1
_a
Myers, Bryant
245
1
0
_a
Must they road to hear good news?
300
_a
Núm 29 (1991), Páginas 7
773
0
_t
Together
942
_c
ANA
999
_c
56433
_d
56433